| 000 | 00956cas a22002535a 4500 | ||
|---|---|---|---|
| 001 | L135362 | ||
| 008 | 061020c2005 xxkqr p 0 a0eng u | ||
| 035 | _a(Sirsi) u135362 | ||
| 041 | 0 | _aeng | |
| 110 | 2 |
_aRoyal Institution of Chartered Surveyors _94900 |
|
| 240 | _aQSU | ||
| 245 | 0 | 0 | _aQuarterly Staff Update |
| 260 |
_aLondon _bRICS _c2005- |
||
| 362 | 0 | _aNovember 2005- | |
| 520 | _aQuaterly update for RICS staff including the "RICS Quarterly Operational Performance Report". | ||
| 520 | _aThis item is held for archive purposes only and is not currently available to view. | ||
| 554 | _aFour per year | ||
| 650 | 2 | 4 | _aRICS QUARTERLY STAFF UPDATE |
| 650 | 2 | 4 | _aRICS QUARTERLY OPERATIONAL PERFORMANCE REPORT |
| 651 | 4 | _aInternational | |
| 690 | _aABOUT RICS | ||
| 856 | 4 | 1 |
_uhttps://one/rics_home/rics_toolkit/businessinformation/internalcommunications.htm _zRICS staff can view the reports online by following this link... |
| 942 | _n0 | ||
| 999 |
_c118867 _d118867 |
||